| 000 | 00364nam a22001217a 4500 | ||
|---|---|---|---|
| 999 |
_c2624 _d2624 |
||
| 005 | 20200922100331.0 | ||
| 008 | 200922b ||||| |||| 00| 0 eng d | ||
| 020 | _a333141083 | ||
| 040 | _cCML | ||
| 245 |
_aThe Stateman's Year-Book 1974-1975. _cPaxton, J. |
||
| 260 |
_aLondon _bThe Macmillan Press _c1974 |
||
| 942 |
_2ddc _cBK _e111th Edition _h300 _kR |
||